製造品出荷額が1000億円以上の町村 - Statistics

General Stats
  • This quiz has been taken 30 times
  • The average score is 52 of 83
Answer Stats
都道府県 郡名 自治体名 製造品出荷額(億円) 主な企業の例 % Correct
広島県 安芸郡 府中町 4882.95 マツダ
88%
福岡県 京都郡 苅田町 13903.54 日産車体九州
85%
愛知県 額田郡 幸田町 8912.24 デンソー
85%
静岡県 榛原郡 吉田町 3028.99 富士フイルム
85%
愛知県 海部郡 飛島村 2636.25 三菱重工業
85%
東京都 西多摩郡 瑞穂町 5051.92 IHI
81%
静岡県 駿東郡 長泉町 4870.17 東レ
81%
熊本県 菊池郡 菊陽町 1704.00 ソニーセミコンダクタマニュファクチャリング
81%
滋賀県 蒲生郡 竜王町 6998.64 ダイハツ工業
77%
神奈川県 高座郡 寒川町 4171.12 キリンビバレッジ
77%
山梨県 南都留郡 忍野村 3165.54 ファナック
77%
埼玉県 入間郡 三芳町 2508.15 大日本印刷
77%
兵庫県 加古郡 播磨町 2472.46 川崎重工業
77%
愛知県 愛知郡 東郷町 1621.94 東郷製作所
77%
香川県 仲多度郡 多度津町 1269.22 今治造船
77%
愛知県 丹羽郡 大口町 4812.48 ヤマザキマザック
73%
山梨県 中巨摩郡 昭和町 2867.18 パナソニックコネクト
73%
神奈川県 愛甲郡 愛川町 2655.12 AGC
73%
京都府 久世郡 久御山町 2637.56 コカ・コーラボトラーズジャパン
73%
愛知県 知多郡 武豊町 2532.03 AGC
73%
茨城県 猿島郡 五霞町 2309.41 キユーピー
73%
新潟県 北蒲原郡 聖籠町 1732.66 グローバルウェーハズ・ジャパン
73%
東京都 西多摩郡 日の出町 1684.41 オリンパスメディカルシステムズ
73%
愛知県 知多郡 阿久比町 1023.06 デンソー
73%
群馬県 邑楽郡 大泉町 5296.27 パナソニック
69%
山口県 玖珂郡 和木町 4180.28 ENEOS
69%
宮城県 黒川郡 大衡村 3995.82 トヨタ自動車東日本
69%
茨城県 稲敷郡 阿見町 3599.71 雪印メグミルク
69%
埼玉県 大里郡 寄居町 3269.05 本田技研工業
69%
愛知県 西春日井郡 豊山町 1710.15 三菱重工業
69%
三重県 三重郡 菰野町 1663.76 大和ハウス工業
69%
愛知県 知多郡 東浦町 1609.38 豊田自動織機
69%
静岡県 駿東郡 小山町 1579.09 日立ハイテク
69%
三重県 員弁郡 東員町 1479.60 TOYO TIRE
69%
兵庫県 揖保郡 太子町 1464.93 東芝デバイス&ストレージ
69%
滋賀県 愛知郡 愛荘町 1232.92 ジョイソン・セイフティ・システムズ・ジャパン
69%
兵庫県 加古郡 稲美町 1193.92 日立建機
69%
宮城県 黒川郡 大和町 6891.80 トヨタ自動車東日本
65%
滋賀県 蒲生郡 日野町 3600.05 ダイフク
65%
栃木県 芳賀郡 芳賀町 2243.44 本田技研工業
65%
青森県 上北郡 六ヶ所村 2179.36 日本原燃
65%
滋賀県 犬上郡 多賀町 1981.52 麒麟麦酒
65%
京都府 乙訓郡 大山崎町 1463.27 ダイハツ工業
65%
徳島県 板野郡 松茂町 1074.80 大塚製薬工場
65%
岩手県 胆沢郡 金ケ崎町 5629.62 トヨタ自動車東日本
62%
福島県 西白河郡 西郷村 2382.81 信越半導体
62%
熊本県 菊池郡 大津町 2117.80 本田技研工業
62%
香川県 香川郡 直島町 4199.11 三菱マテリアル
58%
栃木県 河内郡 上三川町 2264.12 日産自動車
58%
群馬県 邑楽郡 千代田町 1799.89 サントリー
58%
栃木県 下都賀郡 野木町 1652.93 日鉄鉱業
58%
徳島県 板野郡 板野町 1533.21 大塚製薬
58%
群馬県 佐波郡 玉村町 1326.04 太陽誘電
58%
栃木県 芳賀郡 市貝町 1312.02 花王
58%
静岡県 周智郡 森町 1098.00 ヤマハ発動機
58%
群馬県 邑楽郡 明和町 1015.50 日本キャンパック
58%
群馬県 邑楽郡 邑楽町 3052.28 アドバンテスト
54%
岡山県 勝田郡 勝央町 1711.73 東和薬品
54%
長野県 北佐久郡 御代田町 1634.82 ミネベアミツミ
54%
宮城県 柴田郡 柴田町 1510.25 リコーインダストリー
54%
岐阜県 不破郡 垂井町 1474.79 ユニチカ
54%
埼玉県 比企郡 嵐山町 1392.38 TOPPANホールディングス
54%
岐阜県 安八郡 神戸町 1237.16 帝人
54%
三重県 多気郡 多気町 1145.52 シャープ(→アオイ電子)
54%
埼玉県 比企郡 川島町 1113.18 敷島製パン
54%
愛媛県 伊予郡 松前町 1112.20 東レ
54%
三重県 度会郡 玉城町 1098.20 京セラドキュメントソリューションズ
54%
兵庫県 神崎郡 福崎町 1999.44 マンダム
50%
埼玉県 児玉郡 上里町 1302.92 日産化学
50%
広島県 山県郡 北広島町 1285.88 広島アルミニウム工業
50%
埼玉県 比企郡 吉見町 1270.82 コカ・コーラボトラーズジャパン
50%
埼玉県 児玉郡 美里町 1037.97 キヤノン電子
50%
富山県 下新川郡 入善町 1008.13 トーキン
50%
長野県 上伊那郡 箕輪町 1429.53 セイコーエプソン
46%
岐阜県 可児郡 御嵩町 1369.00 ジェイテクトギヤシステム
46%
佐賀県 三養基郡 基山町 1182.26 コカ・コーラボトラーズジャパン
46%
佐賀県 神埼郡 吉野ヶ里町 1170.46 大塚製薬
46%
石川県 羽咋郡 宝達志水町 1005.51 参天製薬
46%
長野県 埴科郡 坂城町 2037.70 竹内製作所
42%
奈良県 磯城郡 川西町 1015.50 GMB
42%
熊本県 玉名郡 長洲町 1443.51 カナデビア
38%
熊本県 玉名郡 南関町 1051.46 荏原製作所
31%
福岡県 鞍手郡 鞍手町 1005.14 大和ハウス工業
19%
No matching quizzes found
Score Distribution
Percent of People with Each Score
Percentile by Number Answered
Your Score History
You have not taken this quiz